1099 1106 1628 1365 1902 1773 1925 1618 1427 1513 1943 1139 1292 1783 1659 1678 1242 1556 1745 1036 1493 1356 1257 1738 1941 1248 1217 1026 1704 1283 1769 1120 1746 1882 1599 1136 1728 1508 1467 1670 1496 1291 1306 1223 1126 1372 1467 1907 1169 1704 1706 1859 1332 1419 1612 1206 1006 1821 1815 1322 1550 1837 1187 1230 1530 1124 1774 1670 1350 1906 1177 1070 1610 1497 1936 1366 1515 1503 1946 1058 1668 1712 1167 1549 1470 1480 1566 1832 1441 1602 1148 1862 1171 1365 1097 1591 1607 1207 1684 BCNSPRNW ULIB Ver.6.0+V

เปลี่ยนเป็นภาษาไทย

Change to English
 แสดงรายละเอียดบรรณานุกรม
  กลับหน้าหลัก

Brief Record : Get Marc (ISO 2709) : E-mail record : QR code < ปิดหน้าต่าง
LEADER : 00000nam 2200000uu 4500
001    13399109295
003     ULIB
008    110328s2543||||th 000 0 tha d
020    9748344886
060 04 WA590^bส598ส 2543
245 00 สุขภาพทางเลือก =^bAlternative health /^cกลุ่มนโยบายสาธารณสุขด้านสังคมวัฒนธรรม สำนักนโยบายและแผนสาธารณสุข
246 31 Alternative health
250    พิมพ์ครั้งที่ 2
260    นนทบุรี :^bสำนัก,^c2543
300    40, a-w หน้า ;^c28 ซม.
591    LIRA มีปี 2542 (พิมพ์ครั้งที่ 1)
650  7 การรักษาโรค
650  7 การแพทย์ทางเลือก
710 2  สำนักนโยบายและแผนสาธารณสุข.^bกลุ่มนโยบายสาธารณสุขด้านสังคมวัฒนธรรม
945    ^p0^l0^i020702
945    ^p0^l0^i012087
995    ทศพร
999 ^a ใช้งานได้ทุกระบบ
รายการนี้ยังไม่มีแท็ก
คุณยังไม่ได้ล็อกอิน คุณสามารถมีกิจกรรมร่วมกับเว็บไซต์ได้ แต่ต้องล็อกอินก่อน ::
  ล็อกอิน

รายการสื่อสารสนเทศ

ลำดับที่ ประเภท เลขเรียก/บาร์โค้ด สถานที่ สถานะ
- ไม่พบข้อมูล -

รายการใกล้เคียง
    หัวเรื่อง [การรักษาโรค]
    หัวเรื่อง [การแพทย์ทางเลือก]

BibComment


ยังไม่เคยถูกคอมเมนท์

คอมเมนท์ทรัพยากรรายการนี้
  คอมเมนท์: สุขภาพทางเลือก A..


 Copyright 2026. Bcnsprnw @Library